000 01273nam2a22002651 4500
001 RU\NLR\INFOCOMM17\1000428538
005 20260406083031.0
035 _a(NLR Aleph) 002594244
090 _a3386780
_c3386780
100 _a20040616d1926 |||y0rusy50 ca
101 0 _arus
102 _aRU
105 _ay |||||||||
200 1 _aК энтомофауне предгорий Саян
_fС.Д. Лавров
210 _d1926
_aБ. м.
461 0 _1001RU\NLR\INFOCOMM17\1000428526
_12001#$aНаучные труды$fМ-во с.х. СССР. Омский с.-х. ин-т им. С.М.Кирова$vТ.6, Вып.7
_93386710
_aОмский сельскохозяйственный институт им. С.М.Кирова
_cОмск
_d1922-
_fМ-во с.х. СССР. Омский с.-х. ин-т им. С.М.Кирова
_nЗап.-Сиб. кн. изд-во, Омское отд-ние
_tНаучные труды
_vТ.6, Вып.7
700 1 _4070
_7ca
_8rus
_aЛавров
_bС. Д.
_cэнтомолог
_f1884-1951
_gСергей Дмитриевич
_3RU\NLR\AUTH\770277775
_92649742
801 1 _aRU
_bInfoComm
_c20040616
801 0 _aRU
_bNLR
_gPSBO
852 _aNLR
_j38.42.1.30
852 _aNLR
_bС10
_jВ-7/14
942 _cISSUE
980 _aNB
980 _aRUSPER